LEADER 00935nam a2200229 i 4500 001 000000206666 003 CaOOAMICUS 005 20111011000000.0 008 111011s1968 it u000 u ita u 013 $a185438 040 $aSeMil$bita 100 1 $aLuzzatto, Gino.$0(OLS)http://semarc/name/4924 245 12$aL'economia italiana dal 1861 al 1894 /$cGino Luzzatto. 260 $aTorino :$bGiulio Einaudi,$c1968. 300 $aIX, 224 p. ;$c22 cm. 490 0 $aBiblioteca di cultura storica ;$v100 650 4$aItalia - Economia - Sec. 19.$0(OLS)http://semarc/subject/38807 830 0$aBiblioteca di cultura storica ;$v100.$0(OLS)http://semarc/title/365 850 $aSeMil 852 $aSeMil$W1$xVenegono$y1$m3U III 197$j157132$B157132$CSeMilBibl$Z2$F168455 $81 996 $6245$aL'economia italiana dal 1861 al 1894$9(OLS)http://semarc/title/298869 996 $6260$aTorino :$bGiulio Einaudi$9(OLS)http://semarc/publisher/29810 LEADER 01393nam a2200337 i 4500 001 000000114091 003 CaOOAMICUS 005 20100215000000.0 008 100215s1990 it u000 u ita u 013 $a86777 020 $a88-04-31998-4 040 $aSeMil$bita 100 1 $aSafran, Alexandre.$0(OLS)http://semarc/name/47724 240 10$aSagesse de la Kabbale.$0(OLS)http://semarc/title/166682 245 10$aSaggezza della Kabbalah /$cAlexandre Safran ; traduzione di Claudio Lamparelli. 260 $aMilano :$bA. Mondadori,$c1990. 300 $a234 p. ;$c19 cm. 490 0 $aUomini e religioni ;$v39 500 $aFondo Card. C.M. Martini. 650 4$aCabala.$0(OLS)http://semarc/subject/3385 650 4$aGiudaismo - Tradizioni esoteriche.$0(OLS)http://semarc/subject/20749 650 4$aMistica ebraica.$0(OLS)http://semarc/subject/45008 700 1 $aLamparelli, Claudio.$0(OLS)http://semarc/name/4556 830 0$aUomini e religioni ;$v39.$0(OLS)http://semarc/title/8364 850 $aSeMil 852 $aSeMil$W1$xVenegono$y1$m2X I 461$j69685$B69685$CSeMilBibl$Z2$F78009 $81 941 1 $a4 961 $aOmaggio: Martini Card. Carlo Maria 996 $6020$a88-04-31998-4$9(OLS)http://semarc/number/97269 996 $6245$aSaggezza della Kabbalah$9(OLS)http://semarc/title/166681 996 $6260$aMilano :$bA. Mondadori$9(OLS)http://semarc/publisher/30308